000 00278nam a22001337a 4500
008 170803b xxu||||| |||| 00| 0 eng d
020 _a9780735712379
041 _aeng
080 _a004
100 _a32
101 _aSHK
245 _aPHOTOSHOP 7
_cKELBY,S
942 _2udc
_cBK
999 _c22607
_d22607